Sports Quiz

Random Sports or Country Quiz

NFL States & Provinces Quiz Stats

Quiz Updated Oct 16, 2016

Challenge
Share
Tweet
Score 0/22 Timer 03:00
67 Plays Today
% Correct
???
86.8%
???
84.1%
???
77.6%
???
75.3%
???
67.8%
???
65.8%
???
64.2%
???
61.2%
???
61%
???
60.6%
???
59.9%
% Correct
???
59.2%
???
58%
???
57.7%
???
57.6%
???
56.1%
???
54.3%
???
52.2%
???
51.4%
???
48.4%
???
45.8%
???
45%

You're not logged in!

Compare scores with friends on all Sporcle quizzes.
Join for Free
OR
Log In

You Might Also Like...

Show Comments

Extras

Top Quizzes Today


Score Distribution

Your Account Isn't Verified!

In order to create a playlist on Sporcle, you need to verify the email address you used during registration. Go to your Sporcle Settings to finish the process.

Report this User

Report this user for behavior that violates our Community Guidelines.

Details: